<?xml version="1.0" encoding="UTF-8"?><?xml-stylesheet type="text/xsl" href="static/style.xsl"?><OAI-PMH xmlns="http://www.openarchives.org/OAI/2.0/" xmlns:xsi="http://www.w3.org/2001/XMLSchema-instance" xsi:schemaLocation="http://www.openarchives.org/OAI/2.0/ http://www.openarchives.org/OAI/2.0/OAI-PMH.xsd"><responseDate>2026-04-13T06:15:24Z</responseDate><request verb="GetRecord" identifier="oai:www.recercat.cat:2072/405502" metadataPrefix="marc">https://recercat.cat/oai/request</request><GetRecord><record><header><identifier>oai:recercat.cat:2072/405502</identifier><datestamp>2025-05-17T01:02:15Z</datestamp><setSpec>com_2072_98</setSpec><setSpec>col_2072_378192</setSpec></header><metadata><record xmlns="http://www.loc.gov/MARC21/slim" xmlns:dcterms="http://purl.org/dc/terms/" xmlns:xsi="http://www.w3.org/2001/XMLSchema-instance" xmlns:doc="http://www.lyncode.com/xoai" xsi:schemaLocation="http://www.loc.gov/MARC21/slim http://www.loc.gov/standards/marcxml/schema/MARC21slim.xsd">
   <leader>00925njm 22002777a 4500</leader>
   <datafield ind2=" " ind1=" " tag="042">
      <subfield code="a">dc</subfield>
   </datafield>
   <datafield ind2=" " ind1=" " tag="720">
      <subfield code="a">Dalmau, A.</subfield>
      <subfield code="e">author</subfield>
   </datafield>
   <datafield ind2=" " ind1=" " tag="720">
      <subfield code="a">Ordeix, Laura (Ordeix i Esteve)</subfield>
      <subfield code="e">author</subfield>
   </datafield>
   <datafield ind2=" " ind1=" " tag="260">
      <subfield code="c">2012</subfield>
   </datafield>
   <datafield ind2=" " ind1=" " tag="520">
      <subfield code="a">En este artículo se describen el aspecto clínico y patológico, así como la evolución clínica, de un caso de dermatosis pustulosa acantolítica lineal idiopática en un cruce de raza Husky Siberiano, caracterizado histológicamente por una dermatitis pustulosa neutrofílica acantolítica estéril de presentación lineal y localizada en la parte lateral del tronco. Se trata de una condición clínico-patológica particular y de infrecuente presentación.</subfield>
   </datafield>
   <datafield tag="653" ind2=" " ind1=" ">
      <subfield code="a">Dermatosis pustulosa acantolítica lineal idiopática (DPALI)</subfield>
   </datafield>
   <datafield tag="653" ind2=" " ind1=" ">
      <subfield code="a">Idiopathic Linear Pustular Acantholytic Dermatosis (ILPAD)</subfield>
   </datafield>
   <datafield ind2="0" ind1="0" tag="245">
      <subfield code="a">Dermatitis y foliculitis pustulosa acantolítica en un perro geriátrico sugestiva clínicamente de una dermatosis pustulosa lineal idiopática</subfield>
   </datafield>
</record></metadata></record></GetRecord></OAI-PMH>